| 000 | nam a22 a 4500 | ||
|---|---|---|---|
| 999 |
_c2843 _d2843 |
||
| 003 | AKMAL | ||
| 005 | 20170518113549.0 | ||
| 008 | 170518s1982 us 00 eng d | ||
| 020 | _a0256033285 | ||
| 040 | _aAKMAL | ||
| 082 | 0 | 4 | _a657.044 WEL |
| 090 | 0 | 0 |
_a657.044 _bWEL |
| 100 | 1 |
_aWelsch, Glenn A. _95995 |
|
| 245 | 1 | 0 |
_aIntermediate accounting / _cGlenn A.Welsch, Charles T.Zlatkovich (and) Walter T.Harrison, Jr. |
| 250 | _a7th ed. | ||
| 260 |
_aHomewood, Ill. : _bRichard D.Irwin, _c1982 |
||
| 300 | 0 | 0 |
_axxiii, 959p. ; _c24cm. |
| 650 | 0 |
_aAccounting _95885 |
|
| 700 | 1 |
_aZlatkovich, Charles T. _95996 |
|
| 700 | 1 |
_aHarrison, Walter T. _95997 |
|
| 942 |
_2ddc _cBOOK |
||